000 00247nam a2200109Ia 4500
008 240625s9999 xx 000 0 und d
041 _aeng
082 _a428.422 STE
100 _aSTEMPLESKI SUSAN
245 _aWORLD LINK CD BOOK 1
260 _c2005
999 _c34137
_d34137